000
00297nam a2200097Ia 4500
001
1119824
005
20250827004612.0
008
250824s9999 xx 000 0 und d
245
0
_a
TİMURLULAR ZAMANINDA HİNDİSTAN TÜRK İMPARATORLUĞU Z2 34
_c
ÖMER HALİS BIYIKTAY
260
_b
PANAMA YAYINLARI
999
_c
1119824
_d
1119824